000 02906cam a22005414i 4500
003 PE-LiUPU
005 20250731173340.0
008 150706s2004 sp a rb 000 0 spa d
020 _a0789913607
035 _a(Sirsi) i9780789913609
040 _aPE-LiUPU
_bspa
_cPE-LiUPU
_erda
049 _aPRUA
082 0 4 _a254.1
_bW15
_221
100 1 _aWagenveld, Juan ,
_eautor.
245 1 0 _aSembremos iglesias saludables :
_bun acercamiento bíblico y práctico a la plantación de iglesias /
_cJuan Wagenveld.
264 1 _aMiami :
_bUNILIT ; FLET,
_c2004.
300 _a754 páginas :
_bilustraciones ;
_c22 centímetros
336 _atext
_2rdacontent
337 _aunmediated
_2rdamedia
338 _avolume
_2rdacarrier
504 _aIncluye bibliografía.
505 0 _a¿Qué quiere decir "plantar una iglesia"? -- ¿Por qué sembrar iglesias saludables? -- ¿Cuál es el contexto de la plantación de iglesias? -- ¿Quién debe plantar iglesias? -- ¿Qué persigo al establecer una nueva obra? -- ¿Qué persigo al establecer una nueva obra? -- ¿Qué debo hacer para sembrar una iglesia? -- ¿Hay otra manera de plantar una iglesia? -- Antología.
526 _aSEG42
526 _aSEG41
526 _aSEG40
526 _aSEG39
526 _aP94
526 _aP87
526 _aP86
526 _aP85
526 _aP77
526 _aP76
526 _aP35
541 _g001-0000515;
541 _g0010000548;
541 _g001-0020922;
650 0 4 _aIglesias
_xOrganización.
910 _agl
_bjv
_cng
_d20090909
942 _2ddc
_cBOOK
949 _a254.1 W15
_wDEWEY
_c1
_i60288
_d2015-9-8
_e2015-9-2
_lCCODEBUL1
_mBUL
_n4
_p19.00
_r0
_sY
_tBOOK
_u2015-7-6
_xTEOLOGIA
_PP35
_0COMPRA
_o.STAFF. Colección Teología
949 _a254.1 W15
_wDEWEY
_c2
_i63083
_d2015-11-9
_e2015-11-9
_lCCODEBUL1
_mBUL
_n1
_p34.00
_r0
_sY
_tBOOK
_u2015-7-6
_xTEOLOGIA
_PP35
_0COMPRA
_o.STAFF. Colección Teología
949 _a254.1 W15
_wDEWEY
_c3
_i63920
_lCCODEBUL1
_mBUL
_p36.00
_r0
_sY
_tBOOK
_u2015-7-6
_xTEOLOGIA
_PP35
_0COMPRA
_o.STAFF. Colección Teología
994 _aC0
_bPEPRU
596 _a1
999 _a254.1 W15
_wDEWEY
_c49747
_i60288
_d49747
_e2015-9-2
_f2021-11-10
_g5
_lCCODEBUL1
_mBUL
_n4
_p19.00
_r0
_sY
_tBOOK
_u2015-7-6
_xTEOLOGIA
_PP35
_0COMPRA
_o.STAFF. Colección Teología
999 _a254.1 W15
_wDEWEY
_c2
_i63083
_d2022-6-2
_e2015-11-9
_f2021-11-10
_g5
_lCCODEBUL1
_mBUL
_n1
_p34.00
_q1
_r0
_sY
_tBOOK
_u2015-7-6
_xTEOLOGIA
_PP35
_0COMPRA
_o.STAFF. Colección Teología
999 _a254.1 W15
_wDEWEY
_c3
_i63920
_d2018-11-19
_e2017-1-19
_f2021-11-10
_g5
_lCCODEBUL1
_mBUL
_n1
_p36.00
_q1
_r0
_sY
_tBOOK
_u2015-7-6
_xTEOLOGIA
_PP35
_0COMPRA
_o.STAFF. Colección General
980 _81
_gALBERTO SANCHEZ Responsable de Automatización